000 00182 a2200085 4500
020 _a9780262133340
100 _aÁKOS MORAVÁNSKY
245 _aCOMPLETE VISION
260 _bTHE MIT PRESS
999 _c13058
_d13058